Top 5 in NBA MVP voting by year since 1980 - Statistics

General Stats
  • This quiz has been taken 447 times
    294 since last reset
  • The average score is 201 of 220
Answer Stats
Ranking Team Answer % Correct
2 Lakers LeBron James
99%
2 Cavaliers LeBron James
99%
4 Cavaliers LeBron James
99%
3 Cavaliers LeBron James
99%
3 Cavaliers LeBron James
99%
2 Heat LeBron James
99%
1 Heat LeBron James
99%
1 Heat LeBron James
99%
3 Heat LeBron James
99%
1 Cavaliers LeBron James
99%
1 Cavaliers LeBron James
99%
4 Cavaliers LeBron James
99%
5 Cavaliers LeBron James
99%
2 Cavaliers LeBron James
99%
3 Warriors Stephen Curry
99%
5 Warriors Stephen Curry
99%
1 Warriors Stephen Curry
99%
1 Warriors Stephen Curry
99%
3 Bucks Giannis Antetokounmpo
98%
3 Bucks Giannis Antetokounmpo
98%
4 Bucks Giannis Antetokounmpo
98%
1 Bucks Giannis Antetokounmpo
98%
1 Bucks Giannis Antetokounmpo
98%
3 Rockets James Harden
98%
2 Rockets James Harden
98%
1 Rockets James Harden
98%
2 Rockets James Harden
98%
2 Rockets James Harden
98%
5 Rockets James Harden
98%
5 Thunder Kevin Durant
98%
1 Thunder Kevin Durant
98%
2 Thunder Kevin Durant
98%
2 Thunder Kevin Durant
98%
5 Thunder Kevin Durant
98%
2 Thunder Kevin Durant
98%
5 Mavericks Luka Doncic
98%
4 Mavericks Luka Doncic
98%
2 Nuggets Nikola Jokic
98%
1 Nuggets Nikola Jokic
98%
1 Nuggets Nikola Jokic
98%
4 Nuggets Nikola Jokic
98%
5 Thunder Russell Westbrook
98%
1 Thunder Russell Westbrook
98%
4 Thunder Russell Westbrook
98%
4 Thunder Russell Westbrook
98%
1 76ers Joel Embiid
97%
2 76ers Joel Embiid
97%
2 76ers Joel Embiid
97%
5 Clippers Kawhi Leonard
97%
3 Spurs Kawhi Leonard
97%
2 Spurs Kawhi Leonard
97%
5 Suns Chris Paul
96%
4 Clippers Chris Paul
96%
3 Clippers Chris Paul
96%
5 Hornets Chris Paul
96%
2 Hornets Chris Paul
96%
4 Trail Blazers Damian Lillard
96%
1 Mavericks Dirk Nowitzki
96%
3 Mavericks Dirk Nowitzki
96%
3 Mavericks Dirk Nowitzki
96%
5 Heat Dwyane Wade
96%
3 Heat Dwyane Wade
96%
4 Celtics Jayson Tatum
96%
5 Lakers Kobe Bryant
96%
4 Lakers Kobe Bryant
96%
4 Lakers Kobe Bryant
96%
3 Lakers Kobe Bryant
96%
2 Lakers Kobe Bryant
96%
1 Lakers Kobe Bryant
96%
3 Lakers Kobe Bryant
96%
4 Lakers Kobe Bryant
96%
5 Lakers Kobe Bryant
96%
3 Lakers Kobe Bryant
96%
5 Lakers Kobe Bryant
96%
2 Heat Shaquille O’Neal
96%
5 Lakers Shaquille O’Neal
96%
3 Lakers Shaquille O’Neal
96%
3 Lakers Shaquille O’Neal
96%
1 Lakers Shaquille O’Neal
96%
4 Lakers Shaquille O’Neal
96%
2 Magic Shaquille O’Neal
96%
4 Magic Shaquille O’Neal
96%
4 Spurs Tim Duncan
96%
4 Spurs Tim Duncan
96%
2 Spurs Tim Duncan
96%
1 Spurs Tim Duncan
96%
1 Spurs Tim Duncan
96%
2 Spurs Tim Duncan
96%
5 Spurs Tim Duncan
96%
3 Spurs Tim Duncan
96%
5 Spurs Tim Duncan
96%
1 Bulls Derrick Rose
95%
4 Suns Devin Booker
95%
3 Celtics Kevin Garnett
95%
1 Timberwolves Kevin Garnett
95%
2 Timberwolves Kevin Garnett
95%
5 Timberwolves Kevin Garnett
95%
2 Timberwolves Kevin Garnett
95%
1 Bulls Michael Jordan
95%
2 Bulls Michael Jordan
95%
1 Bulls Michael Jordan
95%
3 Bulls Michael Jordan
95%
1 Bulls Michael Jordan
95%
1 Bulls Michael Jordan
95%
3 Bulls Michael Jordan
95%
2 Bulls Michael Jordan
95%
1 Bulls Michael Jordan
95%
2 Bulls Michael Jordan
95%
5 Thunder Shai Gilgeous-Alexander
95%
2 Suns Steve Nash
95%
1 Suns Steve Nash
95%
1 Suns Steve Nash
95%
5 76ers Allen Iverson
94%
1 76ers Allen Iverson
94%
4 76ers Allen Iverson
94%
3 Pelicans Anthony Davis
94%
5 Pelicans Anthony Davis
94%
4 Rockets Hakeem Olajuwon
94%
5 Rockets Hakeem Olajuwon
94%
1 Rockets Hakeem Olajuwon
94%
2 Rockets Hakeem Olajuwon
94%
5 Rockets Hakeem Olajuwon
94%
4 Rockets Hakeem Olajuwon
94%
4 Jazz Karl Malone
94%
1 Jazz Karl Malone
94%
2 Jazz Karl Malone
94%
1 Jazz Karl Malone
94%
3 Jazz Karl Malone
94%
4 Jazz Karl Malone
94%
5 Jazz Karl Malone
94%
4 Jazz Karl Malone
94%
3 Jazz Karl Malone
94%
2 Lakers Magic Johnson
94%
1 Lakers Magic Johnson
94%
1 Lakers Magic Johnson
94%
3 Lakers Magic Johnson
94%
1 Lakers Magic Johnson
94%
3 Lakers Magic Johnson
94%
2 Lakers Magic Johnson
94%
3 Lakers Magic Johnson
94%
3 Lakers Magic Johnson
94%
3 76ers Moses Malone
94%
1 76ers Moses Malone
94%
1 Rockets Moses Malone
94%
4 Rockets Moses Malone
94%
2 Celtics Larry Bird
93%
3 Celtics Larry Bird
93%
1 Celtics Larry Bird
93%
1 Celtics Larry Bird
93%
1 Celtics Larry Bird
93%
2 Celtics Larry Bird
93%
2 Celtics Larry Bird
93%
2 Celtics Larry Bird
93%
4 Celtics Larry Bird
93%
5 Celtics Isaiah Thomas
92%
5 Pistons Isiah Thomas
92%
3 Thunder Paul George
92%
5 Bulls Scottie Pippen
92%
3 Bulls Scottie Pippen
92%
3 Clippers Blake Griffin
91%
3 Knicks Carmelo Anthony
91%
2 Spurs David Robinson
91%
1 Spurs David Robinson
91%
2 Spurs David Robinson
91%
3 Spurs David Robinson
91%
3 Spurs David Robinson
91%
2 Magic Dwight Howard
91%
4 Magic Dwight Howard
91%
4 Magic Dwight Howard
91%
5 Magic Dwight Howard
91%
5 Lakers Kareem Abdul-jabbar
91%
4 Lakers Kareem Abdul-jabbar
91%
4 Lakers Kareem Abdul-jabbar
91%
3 Lakers Kareem Abdul-jabbar
91%
1 Lakers Kareem Abdul-jabbar
91%
5 76ers Julius Erving
90%
3 76ers Julius Erving
90%
1 76ers Julius Erving
90%
2 76ers Julius Erving
90%
1 Suns Charles Barkley
89%
4 76ers Charles Barkley
89%
2 76ers Charles Barkley
89%
4 76ers Charles Barkley
89%
5 Spurs Tony Parker
89%
4 Knicks Patrick Ewing
88%
5 Knicks Patrick Ewing
88%
4 Knicks Patrick Ewing
88%
5 Knicks Patrick Ewing
88%
5 Knicks Patrick Ewing
88%
4 Knicks Patrick Ewing
88%
2 Nets Jason Kidd
87%
5 Suns Jason Kidd
87%
3 SuperSonics Gary Payton
86%
2 Trail Blazers Clyde Drexler
83%
5 Trail Blazers Clyde Drexler
83%
5 Hawks Dominique Wilkins
82%
5 Hawks Dominique Wilkins
82%
2 Hawks Dominique Wilkins
82%
3 Pacers Jermaine O’Neal
82%
4 Bulls Joakim Noah
82%
3 Magic Penny Hardaway
82%
4 Heat Tim Hardaway
82%
3 Heat Alonzo Mourning
81%
2 Heat Alonzo Mourning
81%
4 Magic Tracy McGrady
81%
4 Magic Tracy McGrady
81%
4 Celtics Kevin McHale
80%
5 Pistons Chauncey Billups
77%
4 Kings Chris Webber
70%
5 Spurs George Gervin
68%
3 Spurs George Gervin
68%
4 Celtics Robert Parish
65%
3 Pistons Grant Hill
58%
4 Kings Peja Stojakovic
57%
4 Bucks Sidney Moncrief
53%
2 Knicks Bernard King
51%
5 Hornets Glen Rice
48%
5 SuperSonics Gus Williams
32%
5 Celtics Nate Archibald
21%
5 Bucks Terry Cummings
16%
No matching quizzes found
Score Distribution
Percent of People with Each Score
Percentile by Number Answered
Your Score History
You have not taken this quiz since the last reset